<?xml version="1.0" encoding="UTF-8"?>
<record
    xmlns:xsi="http://www.w3.org/2001/XMLSchema-instance"
    xsi:schemaLocation="http://www.loc.gov/MARC21/slim http://www.loc.gov/standards/marcxml/schema/MARC21slim.xsd"
    xmlns="http://www.loc.gov/MARC21/slim">

  <leader>03116nam a2200253   4500</leader>
  <controlfield tag="003">vecauma</controlfield>
  <controlfield tag="005">20260313143940.0</controlfield>
  <controlfield tag="007">ta</controlfield>
  <controlfield tag="008">260313b        ve ||||| |||| 00| 0 spa d</controlfield>
  <datafield tag="020" ind1=" " ind2=" ">
    <subfield code="a">8480882131</subfield>
  </datafield>
  <datafield tag="040" ind1=" " ind2=" ">
    <subfield code="a">vecauma</subfield>
    <subfield code="b">spa</subfield>
    <subfield code="c">vecauma</subfield>
    <subfield code="d">vecauma</subfield>
    <subfield code="e">rda</subfield>
  </datafield>
  <datafield tag="041" ind1=" " ind2=" ">
    <subfield code="a">spa</subfield>
  </datafield>
  <datafield tag="100" ind1="1" ind2=" ">
    <subfield code="e">autor</subfield>
  </datafield>
  <datafield tag="245" ind1="1" ind2=" ">
    <subfield code="a">Cristalizando la opini&#xF3;n p&#xFA;blica</subfield>
    <subfield code="c">/Dr. Edward L. Bernays </subfield>
  </datafield>
  <datafield tag="264" ind1=" " ind2=" ">
    <subfield code="a">Espa&#xF1;a:</subfield>
    <subfield code="b">Gesti&#xF3;n 2000;</subfield>
    <subfield code="c">1923.</subfield>
  </datafield>
  <datafield tag="300" ind1=" " ind2=" ">
    <subfield code="a">170 p&#xE1;ginas. </subfield>
  </datafield>
  <datafield tag="336" ind1=" " ind2=" ">
    <subfield code="a">texto</subfield>
    <subfield code="b">txt</subfield>
    <subfield code="2">rdacontenido</subfield>
  </datafield>
  <datafield tag="337" ind1=" " ind2=" ">
    <subfield code="a">no mediado</subfield>
    <subfield code="b">n</subfield>
    <subfield code="2">rdamedio</subfield>
  </datafield>
  <datafield tag="338" ind1=" " ind2=" ">
    <subfield code="a">volumen</subfield>
    <subfield code="b">nc</subfield>
    <subfield code="2">rdasoporte</subfield>
  </datafield>
  <datafield tag="505" ind1="0" ind2=" ">
    <subfield code="a">Objetivo y funciones
El objetivo del asesor en Relaciones P&#xFA;blicas /
El asesor en Relaciones P&#xFA;blicas; la creciente importancia de la profesi&#xF3;n /
La funci&#xF3;n de un defensor especial /

El grupo y el conformismo
&#xBF;Qu&#xE9; constituye la opini&#xF3;n p&#xFA;blica? /
&#xBF;Se puede persuadir a la Opini&#xF3;n P&#xFA;blica? /
La interacci&#xF3;n de la opini&#xF3;n p&#xFA;blica con las fuerzas que contribuyen a crearla /
El poder de las fuerzas interactivas que crean la opini&#xF3;n p&#xFA;blica /
&#xBF;Es necesaria la comprensi&#xF3;n de los fundamentos de la motivaci&#xF3;n p&#xFA;blica para el trabajo del asesor en Relaciones P&#xFA;blicas? /
El grupo y el conformismo &#xBF;son los mecanismos b&#xE1;sicos del cambio p&#xFA;blico? /
La aplicaci&#xF3;n de estos principios /

T&#xE9;cnica y m&#xE9;todo
El p&#xFA;blico s&#xF3;lo puede ser alcanzado a trav&#xE9;s de los medios de comunicaci&#xF3;n establecidos /
Las formaciones de grupos superpuestos, el cambio continuo de los grupos, las condiciones cambiantes y la flexibilidad de la naturaleza humana constituyen ayudas para el asesor de Relaciones P&#xFA;blicas /
Un borrador sobre los m&#xE9;todos practicables para modificar el punto de vista de un grupo /

Relaciones &#xE9;ticas
Una consideraci&#xF3;n sobre las relaciones de la prensa y otros medios de comunicaci&#xF3;n con el asesor en Relaciones P&#xFA;blicas. /
Sus obligaciones hacia el p&#xFA;blico como defensor social /</subfield>
  </datafield>
  <datafield tag="520" ind1="3" ind2=" ">
    <subfield code="a">El Profesor Dr. Edward L. Bernays (1891-1995), fue el pionero mundial de las Relaciones P&#xFA;blicas, hecho que le llev&#xF3; a ser considerado por las m&#xE1;s prestigiosas universidades del mundo con el t&#xED;tulo de Doctor Honoris Causa. 

Fue asesor personal en materia de Relaciones P&#xFA;blicas de varios Presidentes de los Estados Unidos, desde Calvin Coolidge hasta Dwight D. Eisenhower, y de la propia Casa Blanca, as&#xED; como de diferentes departamentos del Gobierno de los Estados Unidos, tambi&#xE9;n se incluyen entre sus clientes personajes de la vida p&#xFA;blica tales como: Henry Ford, Al Smith, Thomas Edison, Alfred P. Sloan, David Sarnoff, Enrico Caruso, Nijinsky, ballet Diaghilev y muchos otros.

Public&#xF3; a lo largo de su vida 16 libros de Relaciones P&#xFA;blicas, contribuy&#xF3; en 68 libros sobre la misma materia, mediante cap&#xED;tulos escritos por &#xE9;l, fue noticia en el New York Times en 178 ocasiones, escribi&#xF3; cientos de art&#xED;culos de los que cabe destacar los 280 dedicados a las Relaciones P&#xFA;blicas. Ha sido mencionado en m&#xE1;s de 500 libros como pionero mundial de las Relaciones P&#xFA;blicas.</subfield>
  </datafield>
  <datafield tag="942" ind1=" " ind2="1">
    <subfield code="2">lcc</subfield>
    <subfield code="n">0</subfield>
    <subfield code="c">BK</subfield>
  </datafield>
  <datafield tag="999" ind1=" " ind2=" ">
    <subfield code="c">13255</subfield>
    <subfield code="d">13255</subfield>
  </datafield>
  <datafield tag="952" ind1=" " ind2=" ">
    <subfield code="0">0</subfield>
    <subfield code="1">0</subfield>
    <subfield code="2">lcc</subfield>
    <subfield code="4">0</subfield>
    <subfield code="7">0</subfield>
    <subfield code="8">CG</subfield>
    <subfield code="a">BUMA</subfield>
    <subfield code="b">BUMA</subfield>
    <subfield code="c">GEN</subfield>
    <subfield code="d">2026-03-13</subfield>
    <subfield code="i">49755</subfield>
    <subfield code="l">0</subfield>
    <subfield code="p">2026-0387</subfield>
    <subfield code="r">2026-03-13</subfield>
    <subfield code="w">2026-03-13</subfield>
    <subfield code="y">BK</subfield>
  </datafield>
</record>
